000 01785nam a2200445 c 4500
003 BLK
005 20250715180415.0
008 180413b bul|||||r ||||||| ||bul||
010 _aKNG00021986000
040 _aBLK
041 _aBUL
_cBUL
080 _aДруги животни, отглеждани от човека - морско свинче, питомен заек, животни с ценни кожи, слон, змии и др. (не включени в 636.1/.8). Вж и 639.2/.5
_b636.9
_x(035)
_z636.9(035)
100 1 _aХанке, Щефан
_eпърви автор
_9264110
700 1 _aБаракова, Елка Войномирова
_eпрев. от нем.
_9365444
139 _aХанке, Щефан
_bХ 25
245 1 0 _aДомашно зайче
_cЩефан Ханке; прев. от нем. Елка Войномирова Баракова.
245 1 0 _aХамстер
_b
_c
245 1 0 _aМорско свинче
_b
_c
245 1 0 _aДегу
_b
_c
257 _aDEU
260 София
_bЕмас
_c1998
_fСофия : Балкан прес
300 _a333 с.
_bс ил.
_c20 см
380 _a63
490 1 _aДомашни любимци
500 _aОриг. загл. Haustiere / Stefan Handke. - 3 000 тир.
650 4 _aЖивотни, домашни - отглеждане
_9264067
653 _aзайци
653 _aхамстери
653 _aморски свинчета
653 _aдегу
653 _aдомашни животни
653 _aнаръчници
653 _aръководства
852 _aЦб 195904
856 4 _qpdf
_u
856 4 _qpdf
_u
942 _cKNG
_n0
_02
944 _aCR
_c15.01.2003
_k30542
_lРусанова Ирена
944 _aED
_c01.02.2013
_k
999 _c19829
_d19829